LEADER 01007nam a2200229 i 4500 001 000000141342 003 CaOOAMICUS 005 20050714000000.0 008 050714s1907 it u000 u ita u 013 $a115757 040 $aSeMil$bita 100 1 $aMorselli, Emilio <1869-1939>.$0(OLS)http://semarc/name/33993 245 10$aMorale /$cEmilio Morselli. 260 $aLivorno :$bR. Giusti,$c1907. 300 $aVI, 227, 31 p. ;$c20 cm. 490 0 $aBiblioteca degli studenti : riassunti per tutte le materie d'esame nei Licei, Ginnasi, Istituti Tecnici ecc 650 4$aMorale.$0(OLS)http://semarc/subject/2260 830 0$aBiblioteca degli studenti : riassunti per tutte le materie d'esame nei Licei, Ginnasi, Istituti Tecnici ecc.$0(OLS)http://semarc/title/112517 850 $aSeMil 852 $aSeMil$W1$xVenegono$y1$m2R II 207$j94586$B94586$CSeMilBibl$Z2$F100343 $81 996 $6245$aMorale$9(OLS)http://semarc/title/16109 996 $6260$aLivorno :$bR. Giusti$9(OLS)http://semarc/publisher/42882 LEADER 00607nam a2200193 i 4500 001 000000216342 003 CaOOAMICUS 005 20121013000000.0 008 121013s1973 xx u000 u spa u 013 $a195231 040 $aSeMil$bita 245 10$a1. 300 $a389 p. 490 0 $aColección Canónica ;$v. 773 0 $aHervada, Javier$tDerecho del pueblo de Dios.$g1$w()773 830 0$aColección Canónica ;$v.$0(OLS)http://semarc/title/641 850 $aSeMil 852 $aSeMil$W1$xVenegono$y1$m2H IV 136$j166761$B166761$CSeMilBibl$Z2$F177603 $81 996 $6245$a1$9(OLS)http://semarc/title/6508